Vindere af Superligaen siden 1991 - Statistics

General Stats
  • This quiz has been taken 548 times
  • The average score is 14 of 24
Answer Stats
Sæson Hold % Correct
2012-13 FC København
92%
2013-14 AaB
89%
2008-09 FC København
76%
2010-11 FC København
75%
2009-10 FC København
75%
2006-07 FC København
72%
2005-06 FC København
72%
2003-04 FC København
70%
2002-03 FC København
69%
2004-05 Brøndby IF
68%
2000-01 FC København
65%
2007-08 AaB
64%
2011-12 FC Nordsjælland
61%
2001-02 Brøndby IF
60%
1997-98 Brøndby IF
48%
1996-97 Brøndby IF
46%
1995-96 Brøndby IF
45%
1999-00 Herfølge BK
45%
1998-99 AaB
40%
1992-93 FC København
35%
1994-95 AaB
33%
1991 Brøndby IF
25%
1993-94 Silkeborg IF
17%
1991-92 Lyngby BK
8%
No matching quizzes found
Score Distribution
Percent of People with Each Score
Percentile by Number Answered
Your Score History
You have not taken this quiz